When two families become one (Record no. 17425)

000 -LEADER
fixed length control field 00626nam a2200205 a 4500
001 - CONTROL NUMBER
control field :::00021370$&:&@@
003 - CONTROL NUMBER IDENTIFIER
control field OkBaRHE
005 - DATE AND TIME OF LATEST TRANSACTION
control field 20080111144749.0
008 - FIXED-LENGTH DATA ELEMENTS--GENERAL INFORMATION
fixed length control field s1987 j 000 0 eng u
020 ## - INTERNATIONAL STANDARD BOOK NUMBER
International Standard Book Number 0802408001
040 ## - CATALOGING SOURCE
Transcribing agency
100 1# - MAIN ENTRY--PERSONAL NAME
Personal name Minirth, Frank M.D.
245 10 - TITLE STATEMENT
Title When two families become one
Statement of responsibility, etc Addittional Author Hawkins,Don
260 ## - PUBLICATION, DISTRIBUTION, ETC. (IMPRINT)
Place of publication, distribution, etc Chicago,Illinoise
Name of publisher, distributor, etc Moody Press
Date of publication, distribution, etc c1987
300 ## - PHYSICAL DESCRIPTION
Extent 30 p
490 0# - SERIES STATEMENT
Series statement MinirthMeier Clinic
650 ## - SUBJECT ADDED ENTRY--TOPICAL TERM
Topical term or geographic name as entry element Family
General subdivision Religous life
942 ## - ADDED ENTRY ELEMENTS (KOHA)
Source of classification or shelving scheme
Koha item type Books
Copies
Copy number Date acquired Koha item type Permanent Location Price effective from Lost status Full call number Shelving location Date last seen Source of classification or shelving scheme Withdrawn status Damaged status Not for loan Barcode
12010-04-14BooksRHEMA Bible Training College2010-04-14 HQ 759.92 .M5General Stacks2010-04-14    21370